Bài tập cơ sở kĩ thuật nhiệt

Quyển sách trình bày các bài tập về nhiệt động kĩ thuật, các định luật nhiệt, truyền nhiệt,...Sau mỗi phần có đáp án.

Đã lưu trong:
书目详细资料
主要作者: Phạm, Lê Dần
格式: 图书
语言:Undetermined
出版: Hà Nội Giáo dục 1995
主题:
标签: 添加标签
没有标签, 成为第一个标记此记录!
Thư viện lưu trữ: Trung tâm Học liệu Trường Đại học Cần Thơ
LEADER 00888nam a2200229Ia 4500
001 CTU_140237
008 210402s9999 xx 000 0 und d
020 |c 12200 
082 |a 621.402076 
082 |b D121 
100 |a Phạm, Lê Dần 
245 0 |a Bài tập cơ sở kĩ thuật nhiệt 
245 0 |c Phạm Lê Dần, Đặng Quốc Phú 
260 |a Hà Nội 
260 |b Giáo dục 
260 |c 1995 
520 |a Quyển sách trình bày các bài tập về nhiệt động kĩ thuật, các định luật nhiệt, truyền nhiệt,...Sau mỗi phần có đáp án. 
526 |a Nhiệt động lực học và truyền nhiệt 
526 |b CN139 
650 |a Sự truyền nhiệt,Heat engineering 
904 |i Năm 
980 |a Trung tâm Học liệu Trường Đại học Cần Thơ